000 00451nam a2200133Ia 4500
008 150610s9999 xx 000 0 und d
020 _a9715695006
050 _aPL5546
_b.D373 2005
100 _aDelaney, John P.
245 _aJust for fun and other stories /
_cJohn P. Delaney in collaboration with John De la Costa.
260 _aMakati City :
_bBookmark,
_c2005.
300 _a264pages ;
_c18 cm.
520 _aShort stories, Philippine (English).
999 _c288148
_d288148